Arbeitsbuch Höhere Festigheitslehre : Elastizitätstheorie : Platizitäatstheorie : Viskoelastizitätstheorie

Gespeichert in:
Bibliographische Detailangaben
1. Verfasser: Göldner, Hans (Verfasst von)
Format: Buch
Sprache:Deutsch
Veröffentlicht: Leipzig : VEB Fachbuchverlag, 1981
Ausgabe:2.Aufl.
Tags: Tag hinzufügen
Keine Tags, Fügen Sie das erste Tag hinzu!

MARC

LEADER 00000nam a22000003a 4500
001 stu8772
005 20150617225807.2
008 960411s1981----ge------------------ger-d
040 |a STU  |b slo 
041 0 |a ger 
044 |a ge 
080 |a 539.4 
100 1 |a Göldner, Hans  |4 aut 
245 1 |a Arbeitsbuch Höhere Festigheitslehre :  |b Elastizitätstheorie : Platizitäatstheorie : Viskoelastizitätstheorie 
250 |a 2.Aufl. 
260 |a Leipzig :  |b VEB Fachbuchverlag,  |c 1981 
300 |a 366 s 
996 |b E62981  |c E*62981  |l EE15  |s P  |a 0  |w stu8772_0001 
996 |c V*21768/O-8622  |l VV9  |s P  |a 0  |w stu8772_0002